Statistics for Fruit By Letter

Click here to take the quiz!

General Stats

  • This quiz has been taken 543 times
    (36 since last reset)
  • The average score is 20 of 32

Answer Stats

FruitHintAnswer% Correct
BerryBBlueberry
87%
CitrusLLemon
87%
CoreAApple
84%
PitBBlackberry
84%
BerryGGrape
84%
CitrusOOrange
84%
MelonWWatermelon
84%
CitrusLLime
81%
CorePPear
81%
PitPPlum
77%
BerryKKiwi
74%
PitPPeach
74%
PitRRaspberry
74%
OtherSStrawberry
71%
BerryBBanana
68%
PitCCherry
68%
CitrusGGrapefruit
68%
PitMMango
65%
OtherPPineapple
61%
BerryCCranberry
58%
PitNNectarine
55%
PitAApricot
52%
MelonHHoneydew
52%
BerryGGooseberry
48%
OtherFFig
45%
PitCCoconut
42%
BerryGGuava
42%
BerryPPapaya
39%
MelonCCantaloupe
35%
CitrusKKumquat
35%
BerryPPassion Fruit
26%
BerryCCurrant
13%

Score Distribution

Percentile by Number Answered

Percent of People with Each Score

Your Score History

You have not taken this quiz since the last reset